000 00245nam a2200109Ia 4500
008 220216s9999 xx 000 0 und d
100 _aGeorge S
245 0 _aVaralchaye athijeevikkan
260 _bRubber
_c2020
300 _a10-Jul
942 _cBS
999 _c48652
_d48652